000 00562nam a2200205Ia 4500
005 20250508152824.0
008 008 250505s9999 xx 000 0 hin d
037 _aTextual
040 _aFEDL
_beng
_cFEDL
041 _ahin
_2hin
084 _a301.4, RAG
_qFEDL
100 _aRaghav Rangye
_9762480
245 0 _aSamajik samassyain aure vighton
260 _aAgra, India
_bVinod Pustak Mandir
_c1961
300 _a196p
650 _aSociology
700 _a Sharma Shyam
_9762481
942 _cTEXL
_h301.4, RAG
999 _c1338981
_d1338981